Managing Human Resources With Mindtap (Record no. 41790)
[ view plain ]
| 000 -LEADER | |
|---|---|
| fixed length control field | 00321nam a2200121Ia 4500 |
| 008 - FIXED-LENGTH DATA ELEMENTS--GENERAL INFORMATION | |
| fixed length control field | 241015s9999 xx 000 0 und d |
| 041 ## - LANGUAGE CODE | |
| Language code of text/sound track or separate title | eng |
| 082 ## - DEWEY DECIMAL CLASSIFICATION NUMBER | |
| Classification number | 658.3 SNE |
| 100 ## - MAIN ENTRY--PERSONAL NAME | |
| Personal name | Snell/ Morris |
| 245 ## - TITLE STATEMENT | |
| Title | Managing Human Resources With Mindtap |
| 260 ## - PUBLICATION, DISTRIBUTION, ETC. | |
| Name of publisher, distributor, etc. | Cengage Learning India |
| Place of publication, distribution, etc. | Dehli |
| Date of publication, distribution, etc. | 2019 |
| 300 ## - PHYSICAL DESCRIPTION | |
| Extent | 640;. P. 25 cm |
No items available.